Wizard of Oz Quiz - Statistics

General Stats
  • This quiz has been taken 17,122 times
  • The average score is 19 of 23
Answer Stats
Question Answer % Correct
Companion of Dorothy Cowardly Lion
97%
Companion of Dorothy Tin Man
97%
What U.S. state does Dorothy come from? Kansas
96%
Companion of Dorothy Scarecrow
96%
What words does Dorothy say to leave Oz? There's No Place {Like} {Home}
95%
What is the name of her dog? Toto
95%
What road leads to that city? Yellow Brick Road
95%
What song from the 1939 movie won an Oscar? Over the {Rainbow}
94%
What the Tin Man lacks a Heart
93%
What happened to the Wicked Witch that can also happen to an ice cube? Melting
93%
What the Scarecrow lacks a Brain
91%
What the Cowardly Lion lacks Courage
91%
What carries her to Oz? a Tornado
90%
What color are her slippers? (be specific) Ruby
88%
What animals does the Wicked Witch of the West send after Dorothy? Flying Monkeys
84%
Who starred as Dorothy in the 1939 movie? Judy Garland
84%
What city does the Wizard live in? Emerald City
83%
What 2003 stage musical tells the story from the perspective of the Wicked Witch? Wicked
80%
What is the name of the Good Witch? Glinda
72%
What band's album "The Dark Side of the Moon" is said to be a soundtrack to the 1939 movie? Pink Floyd
71%
What is Dorothy's last name? Gale
53%
Who wrote the book "The Wonderful Wizard of Oz"? L. Frank Baum
43%
Who starred as Dorothy in the 1978 movie "The Wiz"? Diana Ross
38%
No matching quizzes found
Score Distribution
Percent of People with Each Score
Percentile by Number Answered
Your Score History
You have not taken this quiz